000 00338 a2200145 4500
020 _a978-7-119-13562-5
040 _aISPLB
082 _b32
100 _91011
_aXI,Jinping
245 _aA Governança da China IV
260 _aChina ,
_bEdiȯes em Linguas Estrangeiras
_c2023.
300 _a721p
650 _aPolitica
942 _cLivros
999 _c2188
_d2188